BIBLIOTECA

SENCICO

Teoría del color y su aplicación en espacios interiores / (Registro nro. 4472)

Detalles MARC
000 -LEADER
fixed length control field 01032nam a22002537a 4500
003 - CONTROL NUMBER IDENTIFIER
control field PE SENCICO BE
005 - DATE AND TIME OF LATEST TRANSACTION
control field 20251020182648.0
008 - FIXED-LENGTH DATA ELEMENTS--GENERAL INFORMATION
fixed length control field 240104b |||||||| |||| 00| 0 eng d
040 ## - CATALOGING SOURCE
Original cataloging agency PE SENCICO BE
Transcribing agency PE SENCICO BE
041 ## - LANGUAGE CODE
Language code of text/sound track or separate title spa
084 ## - OTHER CLASSIFICATION NUMBER
Classification number I
-- DIS
-- 2015
Item number R21
100 1# - MAIN ENTRY--PERSONAL NAME
9 (RLIN) 1835
Personal name Ramirez LLuncor, Lady Rosa
Relator term autor
245 1# - TITLE STATEMENT
Title Teoría del color y su aplicación en espacios interiores /
Statement of responsibility, etc. Lady Rosa Ramirez Lluncor
260 ## - PUBLICATION, DISTRIBUTION, ETC.
Place of publication, distribution, etc. Lima :
Date of publication, distribution, etc. 2015
300 ## - PHYSICAL DESCRIPTION
Extent 50 h. :
Other physical details il. col. ;
Dimensions 30 cm.
502 ## - DISSERTATION NOTE
Dissertation note Monografía de Titulación.-- Servicio Nacional de Capacitación para la Industria de la Construcción. Escuela Superior Técnica. Carrera Profesional Técnica en Diseño de Interiores, 2015
650 10 - SUBJECT ADDED ENTRY--TOPICAL TERM
9 (RLIN) 44
Topical term or geographic name entry element Diseño de interiores
650 20 - SUBJECT ADDED ENTRY--TOPICAL TERM
9 (RLIN) 1793
Topical term or geographic name entry element Color en el diseño
650 20 - SUBJECT ADDED ENTRY--TOPICAL TERM
9 (RLIN) 429
Topical term or geographic name entry element Colores
650 20 - SUBJECT ADDED ENTRY--TOPICAL TERM
9 (RLIN) 1352
Topical term or geographic name entry element Análisis colorimétrico
710 1# - ADDED ENTRY--CORPORATE NAME
Corporate name or jurisdiction name as entry element Servicio Nacional de Capacitación para la Industria de la Construcción.
Subordinate unit Escuela Superior Técnica
9 (RLIN) 1065
910 ## - USER-OPTION DATA (OCLC)
-- hfp
-- hfp
942 ## - ADDED ENTRY ELEMENTS (KOHA)
Koha item type Monografía de Titulación
Existencias
Fecha de la última vez que lo usaron Número de ingreso o de inventario Pago total Signatura topográfica completa Código de barras Precio efectivo desde Tipo de documento Estado perdido Estado dañado No es para préstamo Retirado Ubicación permanente Ubicación actual Fecha de adquisición
04/01/2024 I-00294   I/DIS/2015/R21 BibLima24010008 04/01/2024 Monografía de Titulación         Biblioteca Central Lima Biblioteca Central Lima 04/01/2024
08/01/2024 I-00309   I/DIS/2015/R21/ej. 2 BibLima24010023 08/01/2024 Monografía de Titulación         Biblioteca Central Lima Biblioteca Central Lima 08/01/2024